000 00294nam a22001217a 4500
020 _aIS:7565
041 _aENG
245 _aTines For Tractor Operated Cultvators Part 2 S- Type Tines
260 _aNew Delhi
_bBIS
_c1988
300 _a04
650 _aBIS Tist Code
856 _uBIS Tist Code
999 _c2144
_d2144